Score 0/10 Timer 05:00
0 Plays Today
Question Answer % Correct
What brand's logo consists of an apple, two bunches of grapes, some gooseberries, and three leaves?Fruit of the Loom
92.4%
What 10-letter word can refer to a heavy munition or a splashy method of entering a swimming pool?Cannonball
88.5%
What southern U.S. state’s flag consists of only a red “X” on a white background?Alabama
68.8%
What is the longest of the three horse races in the Triple Crown?Belmont Stakes
59.9%
What current CNN personality was a one-time judge on the show “America’s Got Talent”?Piers Morgan
38.9%
What U.S. state capital that begins with the letter 'S' has the lowest population?Santa Fe
31.8%
The film Happy Feet is dedicated to what man, who plays an Australian elephant seal in the film?Steve Irwin
28.7%
What was the name of the revolutionary political party founded by Vladimir Lenin in 1903?The Bolsheviks
23.6%
What constellation in the northern sky is easily recognized by its 'W' shape formed by five bright stars?Cassiopeia
21.7%
In the classic comedy “Weekend at Bernie’s,” what is Bernie’s last name?Lomax
14.6%
Remove Ads.
Support Sporcle.
Get the best of Sporcle when you Go Orange. This ad-free experience offers more features, more stats, and more fun while also helping to support Sporcle. Thank you for becoming a member.

You're not logged in!

Compare scores with friends on all Sporcle quizzes.
OR
Log In

Show Comments

Extras

Top Quizzes Today


Score Distribution

Your Account Isn't Verified!

In order to create a playlist on Sporcle, you need to verify the email address you used during registration. Go to your Sporcle Settings to finish the process.

Report this User

Report this user for behavior that violates our Community Guidelines.

Details: